| 000 | 01830cam a22002417i 4500 | ||
|---|---|---|---|
| 999 |
_c7780 _d7780 |
||
| 003 | OSt | ||
| 005 | 20200521111116.0 | ||
| 008 | 180504s2017 vraace 000 0 eng d | ||
| 020 | _a9781864707540 (hardback) | ||
| 082 | 0 | 4 |
_a720ARM _223 |
| 100 | 1 |
_aArmon, Eliezer, _eauthor. |
|
| 245 | 1 | 0 |
_aIf architecture is a language, then a building is a story / _cEliezer Armon ; chief photographer Uriel Messa. |
| 300 |
_a250 pages : _billustrations (chiefly color), portraits, plans ; _c29 cm |
||
| 505 | 0 | _aMinistry of Agriculture & Rural Development, Negev District, Gilat farm, "The seed sprouts from the ground" -- Abraham's Well Visitors' Center, Beer-Sheva, "Go!" -- Yad Sara, Beer-Sheva, "Distress and Hope" -- Officers' School Synagogue, Mitzpe Ramon, "The Burning Bush" -- Holon-Wolfson Railway Station, Tel Aviv, "Wants to be a plane" -- Lehavim-Rahat Railway Station, "Lehavim in the Desert" -- Beer-Sheva Central Railway Station, "The Tree, the Well and the Bridge" -- Department of Public Works, Beer-Sheva, "The Shovel in front of the Camp" -- El-Zahara School, Lod, "On the Wardas Carpet" -- Omer Comprehensive School, "Around the courtyard" -- The Gymnastics Hall, Omer Comprehensive School, "The Wing" -- Culture Hall, Omer, "When the façade is playing" -- Ramot Sportive Community Center, Beer-Sheva, "All the world's a stage" -- Yod Alef Community Center, Beer-Sheva, "On disassembling and assembling" -- Kindergarten and Center for the Care of the Elderly, Meitar, "Infinity". | |
| 600 | 1 | 0 |
_aArmon, Eliezer _vCatalogs. |
| 610 | 2 | 0 |
_aArmon Architecture and Town Planners, Ltd. _vCatalogs. |
| 650 | 0 |
_aArchitecture _vPoetry. |
|
| 650 | 0 |
_aPublic buildings _zIsrael. |
|
| 650 | 0 |
_aArchitectural design _zIsrael. |
|
| 650 | 0 |
_aReligious architecture _zIsrael. |
|
| 700 | 1 |
_aMessa, Uriel, _ephotographer. |
|
| 942 | _2ddc | ||